Welcome to CU Library Online Public Access Catalogue (OPAC)

Accounting: (Record no. 8594)

MARC details
000 -LEADER
fixed length control field 00426nam a22001457a 4500
005 - DATE AND TIME OF LATEST TRANSACTION
control field 20260116190739.0
008 - FIXED-LENGTH DATA ELEMENTS--GENERAL INFORMATION
fixed length control field 260116b |||||||| |||| 00| 0 eng d
020 ## - INTERNATIONAL STANDARD BOOK NUMBER
International Standard Book Number 9780072475982
050 ## - LIBRARY OF CONGRESS CALL NUMBER
Classification number HF5635
Item number .M36 MAR
100 ## - MAIN ENTRY--PERSONAL NAME
Personal name Marshall David H.
245 ## - TITLE STATEMENT
Title Accounting:
Remainder of title What the numbers mean/
Statement of responsibility, etc. David H. Marshall, Wayne W. McManus & Daniel F. Viele
250 ## - EDITION STATEMENT
Edition statement 5th Ed.
650 ## - SUBJECT ADDED ENTRY--TOPICAL TERM
Source of heading or term Accounting
942 ## - ADDED ENTRY ELEMENTS (KOHA)
Source of classification or shelving scheme Library of Congress Classification
Koha item type Books
Edition 5th Ed.
Suppress in OPAC No
999 ## -
-- 8594
-- 8594
Holdings
Withdrawn status Lost status Source of classification or shelving scheme Damaged status Not for loan Collection Home library Current library Shelving location Date acquired Total checkouts Full call number Barcode Date last seen Copy number Price effective from Koha item type
    Library of Congress Classification     Non-fiction Business Library (Miotso) Business Library (Miotso) General stacks 01/16/2026   HF5635 .M36 MAR BSSM00002294 01/16/2026 1 01/16/2026 Books
© 2023-2024 Copyright: Central University Libraries. All Rights Reserved | Created by: Mahone Tech Office